000 00246nam a2200109Ia 4500
008 220204s9999 xx 000 0 und d
082 _a82-3
_bBRO
100 _aBrookes, Ewart
245 0 _aDestroyer
260 _aLondon
_bArrow
_c1977
942 _cBK
999 _c33983
_d33983